Unended Quest : An Intellectual Autobiography /

Estudio autobiográfico de Karl R. Popper (1902-1994), filósofo austríaco, creador del falsacionismo o principio de falibilidad, donde plantea sus grandes líneas de pensamiento filosófico, científico y social, así como su interés por la música.

Gespeichert in:
Bibliographische Detailangaben
1. Verfasser: Popper, Karl R. (autor)
Format: Buch
Sprache:Englisch
Veröffentlicht: Londres, Inglaterra : Fontana Books : Collins, 1976, c1976
Schriftenreihe:(Phisophy and Autobiography ; 4116)
Schlagworte:
Tags: Tag hinzufügen
Keine Tags, Fügen Sie das erste Tag hinzu!

MARC

LEADER 00000nam^a2200000^a^4500
001 000294607
005 20250521000000.0
009 20260310112212.89
037 |a Acervo Xavier Clavigero 
041 |a ING 
082 |a 146. 42  |b POP 
100 |a Popper, Karl R.  |e (autor) 
245 1 0 |a Unended Quest :  |b An Intellectual Autobiography /  |c K. Popper. 
264 4 |a Londres, Inglaterra :  |b Fontana Books :  |b Collins,  |c 1976, c1976 
300 |a 255 p. 
336 |a texto  |b txt  |2 rdacontenido 
337 |a sin mediación  |b n  |2 rdamedio 
338 |a volumen  |b nc  |2 rdasoporte 
440 1 |a (Phisophy and Autobiography ;  |v 4116) 
520 |a Estudio autobiográfico de Karl R. Popper (1902-1994), filósofo austríaco, creador del falsacionismo o principio de falibilidad, donde plantea sus grandes líneas de pensamiento filosófico, científico y social, así como su interés por la música. 
649 |a XX 
650 |a Filósofos Austríacos -  |x Memorias 
650 |a Epistemología 
650 |a Falsacionismo 
650 |a Sociedad -  |x Filosofía 
650 |a Música -  |x Historia y Crítica 
650 |a Filosofía Política 
650 |a Positivismo Lógico 
650 |a Filosofía del Siglo XX 
650 |a Popper, Karl R. -  |x Tema Principal 
910 |a Fondo General 
920 |a Impresos - Libros 
930 |a Colección General 
905 |a 101 
901 |a 0500180546  |b IT1  |c ACC  |u 20250521 
902 |a https://opac.biblio.iteso.mx/vufind/Record/000294607